1823 1313 1889 1887 1290 1668 1700 1208 1438 1185 1213 1083 1453 1552 1120 1634 1211 1428 1895 1109 1134 1950 1871 1012 1121 1393 1024 1544 1915 1914 1217 1978 1495 1528 1722 1576 1415 1690 1684 1595 1901 1140 1465 1403 1781 1415 1864 1427 1800 1749 1593 1377 1850 1293 1770 1339 1877 1596 1164 1722 1315 1943 1531 1537 1324 1851 1611 1926 1294 1994 1107 1734 1813 1325 1328 1922 1185 1822 1233 1045 1645 1475 1124 1716 1619 1483 1041 1710 1546 1831 1082 1517 1617 1984 1698 1408 1926 1597 1284 BCNSPRNW ULIB Ver.6.0+V

เปลี่ยนเป็นภาษาไทย

Change to English
 แสดงรายละเอียดบรรณานุกรม
  กลับหน้าหลัก

Brief Record : Get Marc (ISO 2709) : E-mail record : QR code < ปิดหน้าต่าง
LEADER : 00000nam 2200000uu 4500
001    13399127192
003     ULIB
008    191021s2562||||th 000 0 tha d
020 ^- ^a9786168243039
050 ^- ^aนว.^bช499ห
100 0^ aชาณา,
245 10 ^aหัวใจปีศาจ /^cชาณา.
250 ^- ^aพิมพ์ครั้งที่ 2.
260 ^1 ^aกรุงเทพฯ :^bดีบุ๊คส์,^c2562.
300 ^- ^a416 หน้า.
945    ^p320^l0^i27884
999    ^aกัณชพร จุลอักษร
รายการนี้ยังไม่มีแท็ก
คุณยังไม่ได้ล็อกอิน คุณสามารถมีกิจกรรมร่วมกับเว็บไซต์ได้ แต่ต้องล็อกอินก่อน ::
  ล็อกอิน

รายการสื่อสารสนเทศ

ลำดับที่ ประเภท เลขเรียก/บาร์โค้ด สถานที่ สถานะ
1. วิทยาศาสตร์การแพทย์ และสุขภาพ
วิทยาศาสตร์การแพทย์ และสุขภาพ
นว. ช499ห ฉ.1 
  Barcode: 27884
ห้องสมุดวิทยาเขตนครสวรรค์
►นวนิยาย:l:Fiction
บนชั้น

BibComment


ยังไม่เคยถูกคอมเมนท์

คอมเมนท์ทรัพยากรรายการนี้
  คอมเมนท์: หัวใจปีศาจ ชาณา


 Copyright 2026. Bcnsprnw @Library